| 000 | 00336nam a22001337a 4500 | ||
|---|---|---|---|
| 008 | 170131b xxu||||| |||| 00| 0 eng d | ||
| 020 | _a9780781762106 | ||
| 041 | _aeng | ||
| 080 |
_25TH _a61 |
||
| 100 | _a3 | ||
| 101 | _aSHM | ||
| 245 |
_aSTEDMAN'S MEDICAL DICTIONARRY FOR THE HEALTH PROFESSIONS AND NURSING _cSTEDMAN |
||
| 942 |
_2udc _cBK |
||
| 999 |
_c4127 _d4127 |
||